Management accounting best practices : A guide for the professional accountant
Salvato in:
| Autore principale: | |
|---|---|
| Natura: | Sách |
| Lingua: | Undetermined |
| Pubblicazione: |
John wiley & Sons
2007
|
| Soggetti: | |
| Tags: |
Aggiungi Tag
Nessun Tag, puoi essere il primo ad aggiungerne! !
|
| Thư viện lưu trữ: | Trung tâm Thư viện - Trường Đại học Công nghiệp TP. Hồ Chí Minh |
|---|
| LEADER | 00555nam a2200157Ia 4500 | ||
|---|---|---|---|
| 001 | UIH_04302 | ||
| 008 | 231011s9999 xx 000 0 und d | ||
| 082 | |a 658.1511 | ||
| 100 | |a Bragg, Steven M | ||
| 245 | 0 | |a Management accounting best practices : A guide for the professional accountant | |
| 245 | 0 | |c Bragg, Steven M | |
| 260 | |b John wiley & Sons | ||
| 260 | |c 2007 | ||
| 650 | |a Kế toán quản lý; Kế toán học; | ||
| 927 | |a Sách | ||
| 980 | |a Trung tâm Thư viện - Trường Đại học Công nghiệp TP. Hồ Chí Minh | ||